Ο Γεροστάθης , ή αναμνήσεις της παιδικής μου ηλικίας

Αποθηκεύτηκε σε:
Λεπτομέρειες βιβλιογραφικής εγγραφής
Κύριος συγγραφέας: Μελάς, Λέων, 1812-1879
Μορφή: Βιβλίο
Γλώσσα:Greek
Δημοσίευση: Αθήναι : Σύλλογος προς Διάδοσιν των Ελληνικών Γραμμάτων, 1954.
Έκδοση:2η έκδ., διορθ.
Σειρά:Σύλλογος πρός διάδοσιν των Ελληνικών γραμμάτων
Θέματα:
Ετικέτες: Προσθήκη ετικέτας
Δεν υπάρχουν, Καταχωρήστε ετικέτα πρώτοι!

MARC

LEADER 00000cam a2200000 a 4500
001 1/122959
008 210520t1954####gr | ||| |||| ||gre||
040 |a GR-MyUa  |b gre  |c GR-MyUa  |e AACR2 
041 1 |a gre 
082 7 |a 889.3   |2 (23) 
100 1 |a Μελάς, Λέων,   |d 1812-1879. 
245 1 2 |a Ο Γεροστάθης , ή αναμνήσεις της παιδικής μου ηλικίας /   |c Λέοντος Γ. Μελά ; μεταφορά στη δημοτική με εικονογραφίες.  
250 |a 2η έκδ., διορθ.  
260 |a Αθήναι :   |b Σύλλογος προς Διάδοσιν των Ελληνικών Γραμμάτων,   |c 1954.  
300 |a 482, [2] σ. :   |b εικ. ;   |c 22 εκ.  
490 1 |a (Σύλλογος προς Διάδοσιν των Ελληνικών Γραμμάτων)  
650 0 |a Greek fiction, Modern  |y 19th century. 
830 0 |a Σύλλογος πρός διάδοσιν των Ελληνικών γραμμάτων 
852 |a INST  |b SAMOS  |c PORFYRIADA  |e 20210625  |h  889.3 ΜΕΛ  |p 005300047191  |q 005300047191  |t NOLOAN  |y 23 
970 |a Γουβάλα  |b Βάσω   |z 20/05/2021